Science Quiz

Random Science Quiz

Elements of the Periodic Table Quiz Stats

 Plays Quiz not verified by Sporcle

Challenge
Share
Tweet
Embed
Score 0/118 Timer 20:00
0 Plays Today
Atomic Number Element % Correct
2Helium
100%
3Lithium
100%
1Hydrogen
94.7%
7Nitrogen
94.7%
8Oxygen
94.7%
26Iron
94.7%
30Zinc
94.7%
5Boron
89.5%
6Carbon
89.5%
11Sodium
89.5%
12Magnesium
89.5%
16Sulfur
89.5%
17Chlorine
89.5%
18Argon
89.5%
19Potassium
89.5%
29Copper
89.5%
20Calcium
84.2%
35Bromine
84.2%
47Silver
84.2%
53Iodine
84.2%
79Gold
84.2%
13Aluminum
78.9%
14Silicon
78.9%
22Titanium
78.9%
27Cobalt
78.9%
28Nickel
78.9%
33Arsenic
78.9%
36Krypton
78.9%
54Xenon
78.9%
82Lead
78.9%
9Fluorine
73.7%
10Neon
73.7%
15Phosphorus
73.7%
25Manganese
73.7%
31Gallium
73.7%
32Germanium
73.7%
34Selenium
73.7%
37Rubidium
73.7%
39Yttrium
73.7%
50Tin
73.7%
Atomic Number Element % Correct
56Barium
73.7%
21Scandium
68.4%
23Vanadium
68.4%
24Chromium
68.4%
40Zirconium
68.4%
55Cesium
68.4%
86Radon
68.4%
92Uranium
68.4%
4Beryllium
63.2%
38Strontium
63.2%
76Osmium
63.2%
80Mercury
63.2%
48Cadmium
57.9%
74Tungsten
57.9%
87Francium
57.9%
94Plutonium
57.9%
95Americium
57.9%
99Einsteinium
57.9%
41Niobium
52.6%
45Rhodium
52.6%
46Palladium
52.6%
51Antimony
52.6%
52Tellurium
52.6%
68Erbium
52.6%
77Iridium
52.6%
78Platinum
52.6%
83Bismuth
52.6%
88Radium
52.6%
93Neptunium
52.6%
97Berkelium
52.6%
104Rutherfordium
52.6%
44Ruthenium
47.4%
49Indium
47.4%
57Lanthanum
47.4%
58Cerium
47.4%
63Europium
47.4%
72Hafnium
47.4%
84Polonium
47.4%
85Astatine
47.4%
89Actinium
47.4%
Atomic Number Element % Correct
90Thorium
47.4%
98Californium
47.4%
70Ytterbium
42.1%
75Rhenium
42.1%
103Lawrencium
42.1%
42Molybdenum
36.8%
43Technetium
36.8%
59Praseodymium
36.8%
60Neodymium
36.8%
62Samarium
36.8%
64Gadolinium
36.8%
65Terbium
36.8%
66Dysprosium
36.8%
67Holmium
36.8%
69Thulium
36.8%
71Lutetium
36.8%
81Thalium
36.8%
91Protactinium
36.8%
96Curium
36.8%
100Fermium
36.8%
102Nobelium
36.8%
107Bohrium
36.8%
114Flerovium
36.8%
61Promethium
31.6%
73Tantalum
31.6%
105Dubnium
31.6%
106Seaborgium
31.6%
108Hassium
31.6%
109Meitnerium
31.6%
111Roentgenium
31.6%
101Mendelevium
26.3%
112Copernicium
26.3%
113Ununtrium
26.3%
115Ununpentium
26.3%
110Darmstadtium
21.1%
116Livermorium
21.1%
117Ununseptium
21.1%
118Ununoctium
21.1%

You're not logged in!

Compare scores with friends on all Sporcle quizzes.
Join for Free
OR
Log In

You Might Also Like...

Show Comments

Extras

Top Quizzes Today


Score Distribution

Your Account Isn't Verified!

In order to create a playlist on Sporcle, you need to verify the email address you used during registration. Go to your Sporcle Settings to finish the process.

Report this User

Report this user for behavior that violates our Community Guidelines.

Details: